[Event "Guillermo Garcia Memorial op 28th"]
[Site "Santa Clara"]
[Date "2019.04.27"]
[Round "5"]
[White "Batista Suarez, Jeorling Yahytin"]
[Black "Gutierrez Espinosa, Karen"]
[Result "1-0"]
[WhiteElo "2288"]
[BlackElo "2088"]
[PlyCount "93"]
[EventDate "2019.04.23"]
[EventType "swiss"]
[EventRounds "9"]
[EventCountry "CUB"]
[SourceTitle "EXT 2020"]
[Source "ChessBase"]
[SourceDate "2019.10.17"]
[SourceVersion "1"]
[SourceVersionDate "2019.10.17"]
[SourceQuality "1"]

1. Nf3 Nf6 2. g3 d5 3. Bg2 Nc6 4. c4 e5 5. cxd5 Nxd5 6. d3 Be7 7. Nc3 Be6 8. Bd2 0-0 9. a3 f5 10. 0-0 Nxc3 11. Bxc3 Bf6 12. Rc1 Bd5 13. b4 a6 14. Ba1 Rf7 15. Rc5 Rd7 16. Nxe5 Nxe5 17. Rxd5 Rxd5 18. Qb3 c6 19. Bxe5 Bxe5 20. e4 Kf8 21. exd5 cxd5 22. Bxd5 Qc7 23. Qd1 Rd8 24. Qf3 Qd7 25. Bxb7 Qxd3 26. Qc6 Rd6 27. Qc8+ Rd8 28. Qe6 Bf6 29. Bxa6 Rd6 30. Qxf6+ gxf6 31. Bxd3 Rxd3 32. Ra1 Rb3 33. Kg2 Ke7 34. Re1+ Kd6 35. Re3 Rb2 36. Kf3 Kd5 37. h4 h5 38. Kf4 Rxf2+ 39. Rf3 Re2 40. Kxf5 Re8 41. b5 Rf8 42. a4 Kc5 43. Kg6 Rg8+ 44. Kf7 Rg4 45. Rf5+ Kb6 46. Rxf6+ Kb7 47. a5 1-0

[Event "Moncada Cup-C"]
[Site "Santiago de Cuba"]
[Date "2019.03.28"]
[Round "9.1"]
[White "Garcia Martinez, Omar"]
[Black "Batista Suarez, Jeorling Yahytin"]
[Result "1-0"]
[WhiteElo "2239"]
[BlackElo "2282"]
[PlyCount "134"]
[EventDate "2019.03.20"]
[EventType "tourn"]
[EventRounds "10"]
[EventCountry "CUB"]
[EventCategory "1"]
[SourceTitle "EXT 2023"]
[Source "ChessBase"]
[SourceDate "2022.10.05"]
[SourceVersion "1"]
[SourceVersionDate "2022.10.05"]
[SourceQuality "1"]

1. Nf3 Nf6 2. d4 d5 3. c4 c6 4. e3 e6 5. Bd3 Nbd7 6. 0-0 Bd6 7. Nc3 0-0 8. e4 dxe4 9. Nxe4 Nxe4 10. Bxe4 c5 11. Bc2 g6 12. dxc5 Bxc5 13. Bh6 Re8 14. Qd2 Nb6 15. Qc3 Bf8 16. Bxf8 Rxf8 17. Rad1 Qe7 18. Ne5 f6 19. Nf3 Bd7 20. Rfe1 Rac8 21. b3 Rf7 22. Be4 Bc6 23. Bxc6 bxc6 24. h4 e5 25. Qe3 Qa3 26. Rd2 Nd7 27. Red1 Nf8 28. Qh6 Qe7 29. Rd6 c5 30. R1d5 Ne6 31. g3 Nd4 32. Nxd4 cxd4 33. Qd2 Kg7 34. Qe2 Qb7 35. h5 Rc6 36. hxg6 Rxd6 37. Rxd6 hxg6 38. Qg4 Qe7 39. c5 Qc7 40. b4 a5 41. a3 axb4 42. axb4 Qb7 43. Rd8 Qc7 44. Rc8 f5 45. Rxc7 fxg4 46. Rc6 Rd7 47. Kf1 d3 48. Ke1 Rd4 49. b5 Rb4 50. b6 e4 51. Rd6 Rb5 52. Rc6 Kf7 53. Kd1 Rb2 54. Kc1 Rc2+ 55. Kb1 Rc4 56. Ka2 d2 57. Rd6 Rxc5 58. Rxd2 Ra5+ 59. Kb1 Ra8 60. b7 Rb8 61. Rb2 Ke6 62. Kc2 Kd5 63. Kd2 Kd4 64. Ke2 Kc3 65. Rb6 Kd4 66. Rb1 g5 67. Rb2 Kc3 1-0

[Event "Santiago de Cuba Province-ch tt"]
[Site "Santiago de Cuba"]
[Date "2018.10.12"]
[Round "5.2"]
[White "Batista Suarez, Jeorling Yahytin"]
[Black "Cazulo Ramirez, Jesus David"]
[Result "1-0"]
[WhiteElo "2260"]
[BlackElo "2171"]
[PlyCount "63"]
[EventDate "2018.10.09"]
[EventType "team-tourn"]
[EventRounds "10"]
[EventCountry "CUB"]
[SourceTitle "EXT 2021"]
[Source "ChessBase"]
[SourceDate "2020.10.23"]
[SourceVersion "1"]
[SourceVersionDate "2020.10.23"]
[SourceQuality "1"]

1. e4 e5 2. Nf3 Nc6 3. Bc4 Nf6 4. Qe2 Be7 5. d3 d6 6. h3 a6 7. Nbd2 Na5 8. 0-0 0-0 9. Rd1 b5 10. Bb3 c5 11. Nf1 Qc7 12. Bd2 Bb7 13. Ng3 g6 14. Qe3 Rac8 15. c4 Rfe8 16. Re1 Bc6 17. Qh6 bxc4 18. Bxa5 Qxa5 19. Bxc4 Bf8 20. Qh4 Bg7 21. a3 Rb8 22. b4 cxb4 23. axb4 Qxb4 24. Ng5 Re7 25. Nxh7 d5 26. exd5 Nxd5 27. Ne4 Nf4 28. Nhf6+ Bxf6 29. Nxf6+ Kg7 30. Ng4 Nh5 31. Qg5 Rbe8 32. Qh6+ 1-0

[Event "Santiago de Cuba Province-ch tt"]
[Site "Santiago de Cuba"]
[Date "2018.10.10"]
[Round "2.1"]
[White "Martinez Ramirez, Lennis"]
[Black "Batista Suarez, Jeorling Yahytin"]
[Result "1-0"]
[WhiteElo "2405"]
[BlackElo "2260"]
[PlyCount "94"]
[EventDate "2018.10.09"]
[EventType "team-tourn"]
[EventRounds "10"]
[EventCountry "CUB"]
[SourceTitle "EXT 2021"]
[Source "ChessBase"]
[SourceDate "2020.10.23"]
[SourceVersion "1"]
[SourceVersionDate "2020.10.23"]
[SourceQuality "1"]

1. Nf3 Nf6 2. d4 e6 3. c4 d5 4. Nc3 Be7 5. Bf4 0-0 6. e3 c5 7. dxc5 Nc6 8. a3 dxc4 9. Bxc4 Bxc5 10. b4 Be7 11. h3 Bd7 12. 0-0 Qc8 13. Qe2 a6 14. Na4 b5 15. Nb6 Qb7 16. Nxd7 Nxd7 17. Bd3 e5 18. Bg5 h6 19. Bxe7 Nxe7 20. Rfd1 Ra7 21. Nd2 Nf6 22. Nb3 Qb6 23. Qd2 e4 24. Bc2 Ng6 25. Nc5 Re7 26. a4 Ne5 27. Nxe4 Nxe4 28. Bxe4 Qf6 29. Qd4 Rfe8 30. axb5 axb5 31. Ra8 Rxa8 32. Bxa8 Kh7 33. Qc5 Rd7 34. Be4+ g6 35. Rxd7 Nxd7 36. Qxb5 Qa1+ 37. Qf1 Qe5 38. Qb1 Nb6 39. b5 h5 40. h4 Na4 41. Bf3 Qf6 42. Qb4 Qa1+ 43. Kh2 Qe5+ 44. g3 Nb6 45. Bc6 Qe6 46. Qc5 Na4 47. Qd4 Qb3 1-0

[Event "Santiago de Cuba Province-ch Mix1"]
[Site "Santiago de Cuba"]
[Date "2018.09.25"]
[Round "10"]
[White "Alvarez Calzadilla, Jose Avelino"]
[Black "Batista Suarez, Jeorling Yahytin"]
[Result "1-0"]
[WhiteElo "2230"]
[BlackElo "2260"]
[PlyCount "89"]
[EventDate "2018.09.19"]
[EventType "tourn"]
[EventRounds "10"]
[EventCountry "CUB"]
[SourceTitle "EXT 2021"]
[Source "ChessBase"]
[SourceDate "2020.10.23"]
[SourceVersion "1"]
[SourceVersionDate "2020.10.23"]
[SourceQuality "1"]

1. e4 c5 2. Nf3 Nc6 3. d4 cxd4 4. Nxd4 Qb6 5. Nb3 Nf6 6. Nc3 e6 7. Be3 Qc7 8. a3 a6 9. f4 d6 10. Qf3 Be7 11. Bd3 Rb8 12. 0-0 h5 13. h3 b5 14. Nd4 Bb7 15. Nce2 Na5 16. b3 g6 17. a4 b4 18. c3 d5 19. e5 Ne4 20. Bxe4 dxe4 21. Qg3 bxc3 22. Nxe6 fxe6 23. Qxg6+ Kd7 24. Rad1+ Bd5 25. f5 Kc8 26. fxe6 Rd8 27. Nxc3 Bc6 28. Rd7 Bxd7 29. Nd5 Be8 30. Qxe4 Rxd5 31. Qxd5 Bc6 32. Qd2 Nxb3 33. Qe2 Kb7 34. Qc4 Rg8 35. Qxb3+ Ka8 36. Rf2 Qxe5 37. Qd3 Qa1+ 38. Kh2 Qxa4 39. Rb2 Bf6 40. e7 Be5+ 41. Kh1 Qa1+ 42. Bg1 Qa5 43. Qe3 Qc7 44. Rc2 Kb7 45. Qb3+ 1-0

[Event "Santiago de Cuba Province-ch Mix1"]
[Site "Santiago de Cuba"]
[Date "2018.09.21"]
[Round "5"]
[White "Batista Suarez, Jeorling Yahytin"]
[Black "Alvarez Calzadilla, Jose Avelino"]
[Result "1-0"]
[WhiteElo "2260"]
[BlackElo "2230"]
[PlyCount "105"]
[EventDate "2018.09.19"]
[EventType "tourn"]
[EventRounds "10"]
[EventCountry "CUB"]
[SourceTitle "EXT 2021"]
[Source "ChessBase"]
[SourceDate "2020.10.23"]
[SourceVersion "1"]
[SourceVersionDate "2020.10.23"]
[SourceQuality "1"]

1. e4 e5 2. Nf3 Nc6 3. Bb5 a6 4. Ba4 Nf6 5. 0-0 Nxe4 6. Re1 Nc5 7. Bxc6 dxc6 8. Rxe5+ Ne6 9. d4 Be7 10. Nc3 0-0 11. d5 cxd5 12. Rxd5 Qe8 13. Be3 b6 14. Rd2 Bb4 15. Rd3 Bxc3 16. Rxc3 Bb7 17. Nd4 Rd8 18. Qg4 Qa4 19. b3 Rxd4 20. Bxd4 Qxd4 21. Qxd4 Nxd4 22. Rxc7 Be4 23. Re1 Rd8 24. f3 Ne6 25. Ra7 Bxc2 26. Rxa6 b5 27. Rb6 Bd3 28. Rd1 g5 29. Kf2 Rd5 30. g3 Nc7 31. Rb7 Na6 32. a3 b4 33. axb4 Be4 34. Rxd5 Bxd5 35. Rb5 Bxb3 36. Rxg5+ Kf8 37. b5 Nb8 38. Ke3 Nd7 39. Kd4 Be6 40. Rh5 Kg7 41. Kc3 Kg6 42. Rh4 f5 43. Rb4 Ne5 44. b6 Bc8 45. f4 Ng4 46. Rc4 Bb7 47. Rc7 Bf3 48. h3 Nf2 49. Kd4 Nxh3 50. Ke3 Bd5 51. b7 Bxb7 52. Rxb7 h6 53. Kf3 1-0

[Event "Moncada Cup-B"]
[Site "Santiago de Cuba"]
[Date "2018.03.22"]
[Round "4"]
[White "Duarte Napoles, Fanny"]
[Black "Batista Suarez, Jeorling Yahytin"]
[Result "1-0"]
[WhiteElo "2270"]
[BlackElo "2289"]
[PlyCount "119"]
[EventDate "2018.03.20"]
[EventType "tourn"]
[EventRounds "10"]
[EventCountry "CUB"]
[EventCategory "1"]
[SourceTitle "EXT 2021"]
[Source "ChessBase"]
[SourceDate "2020.10.23"]
[SourceVersion "1"]
[SourceVersionDate "2020.10.23"]
[SourceQuality "1"]

1. d4 Nf6 2. Nf3 e6 3. c4 b6 4. a3 Bb7 5. Nc3 Be7 6. Bg5 d5 7. cxd5 exd5 8. e3 0-0 9. Bd3 Nbd7 10. 0-0 c5 11. Rc1 Ne4 12. Bf4 Rc8 13. dxc5 Ndxc5 14. Be2 Bf6 15. Be5 Re8 16. Bxf6 Qxf6 17. Nd4 a6 18. Bg4 Rcd8 19. b4 Ne6 20. Nce2 Rc8 21. Rxc8 Bxc8 22. Nxe6 fxe6 23. Qc2 Bd7 24. Nd4 Rc8 25. Qe2 b5 26. f3 Nd6 27. Nb3 Rc3 28. Nc5 Bc8 29. e4 Qd4+ 30. Kh1 Rxa3 31. exd5 Re3 32. Qa2 Qxb4 33. Bxe6+ Kh8 34. Ne4 Bb7 35. Qf2 Nc4 36. Qh4 Qf8 37. Ng5 h6 38. Nf7+ Kh7 39. Qf4 Qe7 40. Qf5+ g6 41. Qf4 g5 42. Qd4 Rxe6 43. dxe6 Qxe6 44. Qd3+ Kg7 45. Nd8 Qd5 46. Qc3+ Kg8 47. Nxb7 Qxb7 48. Qf6 Qb6 49. Qe7 Qd6 50. Qe8+ Kg7 51. Re1 Kf6 52. Qh8+ Kg6 53. Qg8+ Kf6 54. Qh7 Qf8 55. h4 a5 56. h5 Ne5 57. Qc7 Qe8 58. Qd6+ Kf5 59. g4+ Kf4 60. Kg2 1-0

[Event "Moncada Cup-B"]
[Site "Santiago de Cuba"]
[Date "2018.03.21"]
[Round "2"]
[White "Dieguez Alvarez, Mario Enrique"]
[Black "Batista Suarez, Jeorling Yahytin"]
[Result "1-0"]
[WhiteElo "2319"]
[BlackElo "2289"]
[PlyCount "85"]
[EventDate "2018.03.20"]
[EventType "tourn"]
[EventRounds "10"]
[EventCountry "CUB"]
[EventCategory "1"]
[SourceTitle "EXT 2021"]
[Source "ChessBase"]
[SourceDate "2020.10.23"]
[SourceVersion "1"]
[SourceVersionDate "2020.10.23"]
[SourceQuality "1"]

1. e4 c5 2. Nf3 Nc6 3. d4 cxd4 4. Nxd4 Nf6 5. Nc3 d6 6. Bc4 e6 7. Bb3 a6 8. Be3 Be7 9. Qe2 0-0 10. 0-0-0 Qc7 11. Rhe1 Na5 12. g4 Nxb3+ 13. axb3 b5 14. g5 Nd7 15. f4 b4 16. Na4 Bb7 17. f5 e5 18. f6 exd4 19. fxe7 Rfe8 20. Rxd4 Rxe7 21. Bf4 Nc5 22. Nxc5 Qxc5 23. Red1 d5 24. e5 a5 25. Qd2 Rc8 26. Kb1 Re6 27. Rc1 Qb6 28. h4 Re7 29. h5 Qe6 30. h6 Rec7 31. hxg7 Qf5 32. e6 Re7 33. exf7+ Rxf7 34. Be3 Qg6 35. Rh4 d4 36. Bxd4 Rd8 37. Qh2 Be4 38. Bf6 Rc8 39. Qe2 Re8 40. Qc4 h5 41. Ka2 Bb7 42. Rd1 Kh7 43. Qg4 1-0

[Event "Capablanca Memorial op 52nd"]
[Site "Matanzas"]
[Date "2017.05.28"]
[Round "2"]
[White "Batista Suarez, Jeorling Yahytin"]
[Black "Vera Gonzalez Quevedo, Reynaldo"]
[Result "0-1"]
[WhiteElo "2312"]
[BlackElo "2439"]
[PlyCount "125"]
[EventDate "2017.05.27"]
[EventType "swiss"]
[EventRounds "10"]
[EventCountry "CUB"]
[SourceTitle "EXT 2018"]
[Source "ChessBase"]
[SourceDate "2017.10.13"]
[SourceVersion "1"]
[SourceVersionDate "2017.10.13"]
[SourceQuality "1"]

1. e4 c5 2. Nf3 e6 3. d4 cxd4 4. Nxd4 Nf6 5. Nc3 d6 6. g4 h6 7. Bg2 Nc6 8. h3 Bd7 9. 0-0 a6 10. Re1 Be7 11. b3 Rc8 12. Bb2 b5 13. a4 0-0 14. axb5 Nxd4 15. Qxd4 axb5 16. Qd3 Qc7 17. Re2 Qb8 18. Rd2 Bc6 19. Re1 Rfe8 20. Ne2 d5 21. exd5 Bxd5 22. Bxf6 Bxf6 23. Bxd5 exd5 24. Rf1 b4 25. Kg2 d4 26. Qf3 Bg5 27. Rxd4 Rxc2 28. Re4 Rd8 29. Ra1 Rcd2 30. Ra4 R2d3 31. Rexb4 Rxf3 32. Rxb8 Rxf2+ 33. Kxf2 Rxb8 34. Nd4 Bf6 35. Kg2 g6 36. Rc4 Rd8 37. Nf3 Rb8 38. Nd4 Bxd4 39. Rxd4 Rxb3 40. Rd6 Kg7 41. Ra6 Re3 42. Rb6 Re6 43. Rb5 Kf6 44. h4 Rd6 45. h5 Rd3 46. Ra5 Re3 47. hxg6 fxg6 48. Rb5 Re5 49. Rb4 Kg5 50. Ra4 Rb5 51. Kf2 Kh4 52. Rc4 Rb2+ 53. Kf3 Rb3+ 54. Kf2 Rb6 55. Kg2 Rf6 56. Kh2 g5 57. Ra4 Rf2+ 58. Kh1 Kh3 59. Kg1 Rg2+ 60. Kh1 Rxg4 61. Ra2 Rc4 62. Rh2+ Kg3 63. Rg2+ 0-1

[Event "Guillermo Garcia Memorial op 26th"]
[Site "Santa Clara"]
[Date "2017.05.25"]
[Round "9"]
[White "Batista Suarez, Jeorling Yahytin"]
[Black "Cabrera Gonzalez, Maximo Ariel"]
[Result "1-0"]
[WhiteElo "2312"]
[BlackElo "1906"]
[PlyCount "35"]
[EventDate "2017.05.16"]
[EventType "swiss"]
[EventRounds "9"]
[EventCountry "CUB"]
[SourceTitle "CBM 178 Extra"]
[Source "ChessBase"]
[SourceDate "2017.06.22"]
[SourceVersion "1"]
[SourceVersionDate "2017.06.22"]
[SourceQuality "1"]

1. e4 e5 2. Nf3 Nc6 3. Bb5 a6 4. Ba4 Nf6 5. d3 b5 6. Bb3 Be7 7. g4 h6 8. g5 hxg5 9. Nxg5 0-0 10. Rg1 d5 11. Nc3 dxe4 12. Ncxe4 Nd5 13. Nh7 Kxh7 14. Qh5+ Kg8 15. Bh6 Nf4 16. Rxg7+ Kh8 17. Bxf4+ Kxg7 18. Bh6+ 1-0

[Event "Bayamo Cespedes Memorial-B"]
[Site "Bayamo"]
[Date "2017.03.06"]
[Round "8.1"]
[White "Batista Suarez, Jeorling Yahytin"]
[Black "Medina Diaz, Rafael Alejandro"]
[Result "1-0"]
[WhiteElo "2329"]
[BlackElo "2317"]
[PlyCount "119"]
[EventDate "2017.03.01"]
[EventType "tourn"]
[EventRounds "10"]
[EventCountry "CUB"]
[EventCategory "4"]
[SourceTitle "EXT 2023"]
[Source "ChessBase"]
[SourceDate "2022.10.05"]
[SourceVersion "1"]
[SourceVersionDate "2022.10.05"]
[SourceQuality "1"]

1. e4 c5 2. Nf3 d6 3. d4 cxd4 4. Nxd4 Nf6 5. Nc3 a6 6. Bc4 e6 7. Bb3 Nbd7 8. 0-0 Nc5 9. f4 Nfxe4 10. Nxe4 Nxe4 11. f5 e5 12. Re1 d5 13. Nf3 Bc5+ 14. Kf1 f6 15. Nh4 g6 16. Bxd5 Nd6 17. Bh6 Qc7 18. Qf3 Bxf5 19. g4 e4 20. gxf5 0-0-0 21. Qg3 g5 22. Ng2 Bd4 23. Rad1 Bxb2 24. Rb1 Be5 25. Qf2 Bxh2 26. Qa7 Kd7 27. Bg7 Qxc2 28. Rbd1 Ke7 29. Bxe4 Nxe4 30. Qxb7+ Bc7 31. Rxe4+ Kf7 32. Rde1 Kxg7 33. Re7+ Kh6 34. Qxc7 Qxf5+ 35. Kg1 Qf3 36. R7e3 Qg4 37. Qe7 Rhf8 38. Kh2 Rde8 39. Qa3 Kg7 40. Qxa6 Rxe3 41. Rxe3 h5 42. Qb7+ Rf7 43. Qb8 Qc4 44. Qa8 h4 45. a4 Rd7 46. Qe8 Qc7+ 47. Kh3 Rf7 48. Rd3 f5 49. Qe6 Qc1 50. Qe5+ Kh7 51. Ne1 g4+ 52. Kxh4 Qh6+ 53. Kg3 f4+ 54. Kg2 f3+ 55. Nxf3 gxf3+ 56. Rxf3 Qd2+ 57. Kg3 Rg7+ 58. Kh4 Qd8+ 59. Rf6 Qd3 60. Rh6+ 1-0

[Event "Bayamo Cespedes Memorial-B"]
[Site "Bayamo"]
[Date "2017.03.06"]
[Round "9.1"]
[White "Duarte Napoles, Fanny"]
[Black "Batista Suarez, Jeorling Yahytin"]
[Result "1/2-1/2"]
[WhiteElo "2346"]
[BlackElo "2329"]
[PlyCount "114"]
[EventDate "2017.03.01"]
[EventType "tourn"]
[EventRounds "10"]
[EventCountry "CUB"]
[EventCategory "4"]
[SourceTitle "EXT 2023"]
[Source "ChessBase"]
[SourceDate "2022.10.05"]
[SourceVersion "1"]
[SourceVersionDate "2022.10.05"]
[SourceQuality "1"]

1. d4 Nf6 2. c4 e6 3. Nc3 d5 4. cxd5 exd5 5. Bg5 Be7 6. Qc2 c6 7. e3 g6 8. Bh6 Bf5 9. Bd3 Bxd3 10. Qxd3 Na6 11. Nf3 Ng4 12. Bg7 Rg8 13. Be5 Nxe5 14. Nxe5 f6 15. Nxc6 bxc6 16. Qxa6 Qb6 17. Qxb6 axb6 18. 0-0 Kd7 19. a3 Ra7 20. f3 f5 21. Rad1 Rf8 22. Rfe1 Ra5 23. e4 fxe4 24. fxe4 dxe4 25. Rxe4 Raf5 26. Re2 Bf6 27. g3 Re8 28. Rf2 Bg5 29. Rxf5 gxf5 30. Kf2 f4 31. d5 fxg3+ 32. hxg3 h6 33. dxc6+ Kxc6 34. Ne2 Rf8+ 35. Ke1 Kc5 36. Rd3 h5 37. Rc3+ Kd6 38. Rb3 Bd8 39. Rd3+ Kc5 40. Nf4 Re8+ 41. Kf2 Bf6 42. b3 h4 43. g4 Bb2 44. a4 Bd4+ 45. Kf3 Rf8 46. Ke4 Re8+ 47. Kf5 Re5+ 48. Kg6 Re3 49. Rd1 h3 50. Rh1 Rxb3 51. Nxh3 Ra3 52. Nf4 Rxa4 53. Kf5 Be3 54. Ne6+ Kc4 55. Re1 Ra5+ 56. Ke4 Bd2 57. Re2 Kc3 1/2-1/2

[Event "Bayamo Cespedes Memorial-B"]
[Site "Bayamo"]
[Date "2017.03.01"]
[Round "1.1"]
[White "Aguilera Rodriguez, Alfredo R"]
[Black "Batista Suarez, Jeorling Yahytin"]
[Result "1-0"]
[WhiteElo "2375"]
[BlackElo "2329"]
[PlyCount "79"]
[EventDate "2017.03.01"]
[EventType "tourn"]
[EventRounds "10"]
[EventCountry "CUB"]
[EventCategory "4"]
[SourceTitle "EXT 2023"]
[Source "ChessBase"]
[SourceDate "2022.10.05"]
[SourceVersion "1"]
[SourceVersionDate "2022.10.05"]
[SourceQuality "1"]

1. e4 c5 2. Nf3 d6 3. d4 cxd4 4. Nxd4 Nf6 5. Nc3 a6 6. Be3 e5 7. Nb3 Be7 8. f3 Be6 9. Qd2 Nbd7 10. g4 Nb6 11. 0-0-0 Qc7 12. g5 Nh5 13. Kb1 Rc8 14. Qf2 Nc4 15. Bxc4 Qxc4 16. Rhg1 b5 17. Nd5 Bxd5 18. exd5 0-0 19. Na5 Qc7 20. Nc6 g6 21. f4 Nxf4 22. Bxf4 exf4 23. Rde1 Rfe8 24. Qxf4 Bf8 25. a4 bxa4 26. Qxa4 Qb6 27. Rgf1 Bg7 28. Qb3 Qc7 29. Qf3 Qb7 30. c3 Ra8 31. Kc2 Qd7 32. Ra1 a5 33. Ra4 Re5 34. Rf4 Rxg5 35. Rxf7 Qg4 36. Qe3 Kh8 37. Qe7 Rf5 38. Rxg7 Qg2+ 39. Kb3 Qxd5+ 40. Ka3 1-0

[Event "Capablanca Memorial op-B 48th"]
[Site "Havana"]
[Date "2013.04.30"]
[Round "9"]
[White "Berdayes Ason, Dylan Isidro"]
[Black "Batista Suarez, Jeorling Yahytin"]
[Result "1-0"]
[WhiteElo "2111"]
[BlackElo "2251"]
[PlyCount "79"]
[EventDate "2013.04.21"]
[EventType "swiss"]
[EventRounds "9"]
[EventCountry "CUB"]
[SourceTitle "CBM 154 Extra"]
[Source "ChessBase"]
[SourceDate "2013.06.25"]
[SourceVersion "2"]
[SourceVersionDate "2013.06.25"]
[SourceQuality "1"]

1. e4 c5 2. Nf3 Nc6 3. d4 cxd4 4. Nxd4 g6 5. Nc3 Bg7 6. Be3 Nf6 7. Bc4 0-0 8. Bb3 d6 9. f3 Bd7 10. Qd2 Rc8 11. h4 h5 12. 0-0-0 Ne5 13. Kb1 Re8 14. g4 hxg4 15. h5 Nxh5 16. Bh6 e6 17. Rdg1 Qf6 18. fxg4 Bxh6 19. Qxh6 Qg7 20. Qd2 Nf6 21. g5 Nh5 22. Nce2 Nc4 23. Bxc4 Rxc4 24. b3 Rc5 25. Ng3 Nxg3 26. Rxg3 e5 27. Nf5 Bxf5 28. exf5 gxf5 29. g6 fxg6 30. b4 Rc7 31. Qd5+ Rf7 32. Rhg1 Kh8 33. Rxg6 Qf8 34. Rxd6 Rh7 35. a3 Qf7 36. Qb5 f4 37. Rf6 Qe7 38. Rf5 Qd7 39. Qxe5+ Rg7 40. Rh5+ 1-0

[Event "Capablanca Memorial op-B 48th"]
[Site "Havana"]
[Date "2013.04.21"]
[Round "1"]
[White "Cabrera Ladron de Guevara, Mayra"]
[Black "Batista Suarez, Jeorling Yahytin"]
[Result "0-1"]
[WhiteElo "2016"]
[BlackElo "2251"]
[PlyCount "90"]
[EventDate "2013.04.21"]
[EventType "swiss"]
[EventRounds "9"]
[EventCountry "CUB"]
[SourceTitle "CBM 154 Extra"]
[Source "ChessBase"]
[SourceDate "2013.06.25"]
[SourceVersion "2"]
[SourceVersionDate "2013.06.25"]
[SourceQuality "1"]

1. e4 c5 2. Nf3 Nc6 3. d4 cxd4 4. Nxd4 g6 5. Nc3 Bg7 6. Be3 Nf6 7. Bc4 0-0 8. Bb3 d6 9. f3 Bd7 10. Qd2 Rc8 11. 0-0-0 Ne5 12. Kb1 Nc4 13. Bxc4 Rxc4 14. h4 h5 15. g4 hxg4 16. h5 Nxh5 17. fxg4 Bxg4 18. Rdg1 e5 19. Nf5 gxf5 20. Bh6 Rd4 21. Qc1 Qf6 22. Bxg7 Nxg7 23. Nd5 Rxd5 24. exd5 Re8 25. Rh6 Qe7 26. Rh2 f6 27. Qh6 Kf7 28. Qh7 Rg8 29. Rh6 Kf8 30. Rg6 Qf7 31. c4 b6 32. Rh1 Bf3 33. Qh6 Ke7 34. Rhg1 Bg4 35. Kc1 Ne8 36. Rxg8 Qxg8 37. Qh2 Qg5+ 38. Kb1 f4 39. Ka1 f3 40. Qh7+ Ng7 41. Qh8 f2 42. Rb1 Be2 43. Qc8 Qf5 44. Qg8 Qxb1+ 45. Kxb1 f1Q+ 0-1

[Event "Granma Province-ch final"]
[Site "Bayamo"]
[Date "2010.11.20"]
[Round "6"]
[White "Leyva Rivera, Yunier"]
[Black "Batista Suarez, Jeorling Yahytin"]
[Result "1-0"]
[WhiteElo "2384"]
[BlackElo "2194"]
[PlyCount "67"]
[EventDate "2010.11.16"]
[EventType "tourn"]
[EventRounds "9"]
[EventCountry "CUB"]
[EventCategory "1"]
[SourceTitle "EXT 2019"]
[Source "ChessBase"]
[SourceDate "2018.10.10"]
[SourceVersion "1"]
[SourceVersionDate "2018.10.10"]
[SourceQuality "1"]

1. d4 Nf6 2. Nf3 d6 3. g3 g6 4. Bg2 Bg7 5. 0-0 Nbd7 6. b3 0-0 7. Bb2 c5 8. c4 Rb8 9. Nc3 b6 10. Qd2 Bb7 11. d5 a6 12. a4 Qc7 13. Rad1 Rbd8 14. e4 Ne5 15. Ne1 b5 16. axb5 axb5 17. Nxb5 Qb6 18. Bxe5 dxe5 19. Nd3 Ba6 20. b4 cxb4 21. Qxb4 Bxb5 22. Qxb5 Qxb5 23. cxb5 Nd7 24. Rc1 Nb6 25. Nb4 Rd6 26. Rc6 Ra8 27. Rfc1 Ra5 28. Bf1 Ra4 29. Na6 Rxe4 30. Rxd6 exd6 31. Rc6 Nxd5 32. b6 Nxb6 33. Rxb6 d5 34. Nc5 1-0

[Event "Granma Province-ch final"]
[Site "Bayamo"]
[Date "2010.11.16"]
[Round "1"]
[White "Lorente Pupo, Ramon Miguel"]
[Black "Batista Suarez, Jeorling Yahytin"]
[Result "1-0"]
[WhiteElo "2316"]
[BlackElo "2194"]
[PlyCount "55"]
[EventDate "2010.11.16"]
[EventType "tourn"]
[EventRounds "9"]
[EventCountry "CUB"]
[EventCategory "1"]
[SourceTitle "EXT 2019"]
[Source "ChessBase"]
[SourceDate "2018.10.10"]
[SourceVersion "1"]
[SourceVersionDate "2018.10.10"]
[SourceQuality "1"]

1. Nf3 Nf6 2. d4 g6 3. c4 Bg7 4. Nc3 d6 5. e4 0-0 6. Be2 e5 7. 0-0 Nc6 8. d5 Ne7 9. b4 h6 10. c5 Ne8 11. Nd2 f5 12. f3 f4 13. Nc4 g5 14. g4 Rf6 15. a4 h5 16. h3 hxg4 17. hxg4 Rh6 18. Kg2 Ng6 19. a5 Bf8 20. Ba3 Qf6 21. Rh1 Rh4 22. Qe1 Bxg4 23. fxg4 f3+ 24. Bxf3 Nf4+ 25. Kg3 Qh6 26. Qf1 Qf6 27. Rxh4 gxh4+ 28. Kh2 1-0